[Event "SD-2020-0-00313"]
[Site "LSS email"]
[Date "2020.09.05"]
[Round "?"]
[White "Bokros, Janos"]
[Black "Correa de Almeida, Claudio"]
[Result "1-0"]
[WhiteElo "1560"]
[BlackElo "1517"]
[PlyCount "145"]
[EventDate "2020.04.28"]
[EventType "tourn (corr)"]
[EventRounds "6"]
[EventCountry "GER"]
[SourceTitle "Corr 2024"]
[Source "ChessBase"]
[SourceDate "2023.10.19"]
[SourceVersion "1"]
[SourceVersionDate "2023.10.19"]
[SourceQuality "1"]

1. d4 Nf6 2. Nc3 d5 3. Bf4 e6 4. a3 a6 5. e3 c5 6. Nf3 b5 7. Be2 Bb7 8. 0-0 Nbd7 9. Nb1 Be7 10. h3 0-0 11. Nbd2 Ne4 12. c3 c4 13. Nxe4 dxe4 14. Nd2 f5 15. b3 cxb3 16. Qxb3 Bd5 17. c4 bxc4 18. Nxc4 g5 19. Bh2 f4 20. Rfc1 Rc8 21. Bf1 Rc6 22. Qd1 Qc7 23. Nb2 Kh8 24. Rxc6 Qxc6 25. Rc1 Qa8 26. Qa4 Qb7 27. Nd1 Kg8 28. exf4 gxf4 29. Nc3 Bh4 30. Rb1 Qc7 31. Nxd5 exd5 32. Bxa6 Rf6 33. Be2 Kg7 34. Qb3 Rc6 35. a4 Rc3 36. Qd1 Bg5 37. Ra1 Nf6 38. a5 e3 39. a6 exf2+ 40. Kf1 Qa7 41. Rb1 Rc7 42. Qd3 Ne4 43. h4 Bh6 44. g4 Kg8 45. Kg2 Nd2 46. g5 Nxb1 47. Bxf4 Rc3 48. Qxb1 Bf8 49. Qf5 Qf7 50. Qxf7+ Kxf7 51. Kxf2 Bg7 52. Be3 Ra3 53. h5 Ke7 54. h6 Bh8 55. Bb5 Kd8 56. Ke2 Ra2+ 57. Kd1 Ra3 58. Kd2 Ra2+ 59. Kc3 Kc7 60. Kb4 Kb6 61. Bd3 Rg2 62. Kc3 Rg3 63. Kd2 Rg2+ 64. Kd1 Ka7 65. Bxh7 Kxa6 66. Bg8 Rh2 67. Bxd5 Rh4 68. Ke2 Rh2+ 69. Kd3 Rh3 70. Bf7 Rg3 71. Ke4 Kb5 72. g6 Ka5 73. Kf4 1-0

[Event "SD-2020-0-00312"]
[Site "LSS email"]
[Date "2020.08.17"]
[Round "?"]
[White "Bokros, Janos"]
[Black "Cabrera, Claudio"]
[Result "1-0"]
[WhiteElo "1560"]
[BlackElo "1479"]
[PlyCount "118"]
[EventDate "2020.02.11"]
[EventType "tourn (corr)"]
[EventRounds "6"]
[EventCountry "GER"]
[SourceTitle "Corr 2024"]
[Source "ChessBase"]
[SourceDate "2023.10.19"]
[SourceVersion "1"]
[SourceVersionDate "2023.10.19"]
[SourceQuality "1"]

1. e4 e5 2. Nf3 Nc6 3. d4 exd4 4. Nxd4 Bc5 5. Be3 Qf6 6. c3 Nge7 7. Bc4 d6 8. 0-0 0-0 9. a4 Ne5 10. Nd2 Nxc4 11. Nxc4 Qg6 12. Re1 Bxd4 13. Bxd4 Bh3 14. Qf3 Be6 15. Qd3 Rfe8 16. Nd2 d5 17. Be5 c6 18. f3 h5 19. Bg3 dxe4 20. Nxe4 Nf5 21. Bf2 Rad8 22. Qf1 Bd5 23. Rad1 b6 24. b4 Bxe4 25. Rxe4 Qg5 26. Rxd8 Rxd8 27. c4 Rd2 28. Qc1 Qd8 29. Re8+ Qxe8 30. Qxd2 Qe5 31. h3 Qa1+ 32. Kh2 Qe5+ 33. f4 Qe4 34. c5 b5 35. axb5 cxb5 36. Qc1 Ne7 37. Qe1 Qxe1 38. Bxe1 g6 39. Kg3 f6 40. Kf2 Kf7 41. Kf3 f5 42. Kf2 Ke6 43. Kg3 Nd5 44. Kh4 Nxf4 45. Bd2 Nd5 46. Kg5 Ne7 47. c6 Nxc6 48. Kxg6 f4 49. Kg5 Ke5 50. Bxf4+ Kd5 51. Bd2 Kc4 52. h4 Nxb4 53. Kxh5 a5 54. g4 a4 55. Bc1 Kb3 56. Kg5 Nc6 57. h5 Kc2 58. h6 Ne5 59. h7 Kxc1 1-0

[Event "ZL-2020-0-02247"]
[Site "LSS email"]
[Date "2020.05.13"]
[Round "?"]
[White "Bokros, Janos"]
[Black "Churyaev, Aleksej"]
[Result "1-0"]
[WhiteElo "1542"]
[BlackElo "1013"]
[PlyCount "65"]
[EventDate "2020.04.25"]
[EventType "match (corr)"]
[EventRounds "2"]
[EventCountry "GER"]
[SourceTitle "Corr 2022"]
[Source "ChessBase"]
[SourceDate "2021.10.24"]
[SourceVersion "1"]
[SourceVersionDate "2021.10.24"]
[SourceQuality "1"]

1. c4 f5 2. Nc3 Nf6 3. Nf3 e6 4. g3 d6 5. d4 Be7 6. Bg2 0-0 7. 0-0 c6 8. Qc2 Na6 9. Bf4 Nc7 10. Rfd1 Nce8 11. Re1 Nh5 12. Bd2 Qc7 13. e4 f4 14. g4 Nhf6 15. g5 Nh5 16. e5 d5 17. g6 h6 18. Bh3 Bd7 19. cxd5 cxd5 20. Qb3 a6 21. Nxd5 exd5 22. Qxd5+ Kh8 23. Qxd7 Qxd7 24. Bxd7 Nc7 25. Bg4 Nf6 26. exf6 Bxf6 27. Bxf4 Nd5 28. Bd6 Rfd8 29. Ne5 Bxe5 30. dxe5 Nf4 31. Bf5 Rf8 32. Bxf8 Rxf8 33. Rad1 1-0

[Event "ZL-2020-0-02247"]
[Site "LSS email"]
[Date "2020.05.13"]
[Round "?"]
[White "Churyaev, Aleksej"]
[Black "Bokros, Janos"]
[Result "0-1"]
[WhiteElo "1013"]
[BlackElo "1542"]
[PlyCount "84"]
[EventDate "2020.04.25"]
[EventType "match (corr)"]
[EventRounds "2"]
[EventCountry "GER"]
[SourceTitle "Corr 2022"]
[Source "ChessBase"]
[SourceDate "2021.10.24"]
[SourceVersion "1"]
[SourceVersionDate "2021.10.24"]
[SourceQuality "1"]

1. e4 e5 2. Nf3 Nc6 3. Bc4 Bc5 4. a3 Nf6 5. d3 d5 6. exd5 Nxd5 7. 0-0 0-0 8. Ne1 a6 9. c3 Be7 10. Nc2 Nb6 11. Ba2 Bf5 12. Ne1 Qd7 13. Qe2 Nd5 14. Be3 Rad8 15. Bxd5 Qxd5 16. c4 Qd7 17. Nc3 Rfe8 18. Rd1 Nd4 19. Bxd4 exd4 20. Ne4 Bf8 21. f3 Bg6 22. Qc2 c5 23. g3 f5 24. Nf2 Qc6 25. Nh3 b5 26. Nf4 Bf7 27. b3 h6 28. Neg2 g5 29. Nh3 Bh5 30. Qf2 Rb8 31. Rde1 bxc4 32. bxc4 Rb3 33. g4 Bg6 34. Rxe8 Qxe8 35. Re1 Qf7 36. Qc2 Rc3 37. Qd2 fxg4 38. fxg4 Rxd3 39. Qb2 Rxh3 40. Qe2 Bd3 41. Qe6 Bxc4 42. Qxf7+ Bxf7 0-1

[Event "RD-2019-0-00156"]
[Site "LSS email"]
[Date "2019.08.29"]
[Round "?"]
[White "Bokros, Janos"]
[Black "Correa de Almeida, Claudio"]
[Result "1/2-1/2"]
[WhiteElo "1474"]
[BlackElo "1548"]
[PlyCount "131"]
[EventDate "2019.04.28"]
[EventType "tourn (corr)"]
[EventRounds "6"]
[EventCountry "GER"]
[SourceTitle "Corr 2022"]
[Source "ChessBase"]
[SourceDate "2021.10.24"]
[SourceVersion "1"]
[SourceVersionDate "2021.10.24"]
[SourceQuality "1"]

1. e4 c5 2. Nc3 d6 3. d4 cxd4 4. Qxd4 Nc6 5. Qd3 Nf6 6. Nf3 g6 7. Be2 Bg7 8. 0-0 0-0 9. h3 Be6 10. Be3 d5 11. exd5 Nxd5 12. Nxd5 Qxd5 13. c3 Qxd3 14. Bxd3 Rfd8 15. Rad1 Bxa2 16. Be4 Bc4 17. Rfe1 e5 18. Rxd8+ Rxd8 19. Bxc6 bxc6 20. Bxa7 f6 21. Ra1 Ra8 22. Nd2 Bd5 23. b4 Bh6 24. Nf1 f5 25. Ra5 Bg7 26. Ne3 Be6 27. Bb6 Re8 28. Bc7 e4 29. Be5 Rd8 30. g3 Bxe5 31. Rxe5 Kf7 32. Rc5 Rd6 33. Kf1 h6 34. h4 Kf6 35. Nc2 Bd7 36. Nd4 g5 37. hxg5+ hxg5 38. Ra5 Be6 39. Rc5 Bd5 40. Ke2 f4 41. Ke1 e3 42. gxf4 exf2+ 43. Kxf2 gxf4 44. Ne2 Ke7 45. Nxf4 Rf6 46. Ke3 Bg8 47. Rg5 Bf7 48. Nd3 Rd6 49. Re5+ Kf6 50. Re4 Bg6 51. Rd4 Re6+ 52. Kf4 Ke7 53. Nc5 Rd6 54. Ke5 Rxd4 55. Kxd4 Kd6 56. Nd3 Bxd3 57. Kxd3 Kd5 58. c4+ Kd6 59. c5+ Kd5 60. Kc3 Ke6 61. Kd4 Kd7 62. Kc4 Kc8 63. Kd4 Kd7 64. Kc4 Kc8 65. Kc3 Kd7 66. Kc4 1/2-1/2

[Event "SD-2019-0-00303"]
[Site "LSS email"]
[Date "2019.08.22"]
[Round "?"]
[White "Bokros, Janos"]
[Black "Stringa, Alejandro"]
[Result "1/2-1/2"]
[WhiteElo "1490"]
[BlackElo "1577"]
[PlyCount "80"]
[EventDate "2019.02.25"]
[EventType "tourn (corr)"]
[EventRounds "6"]
[EventCountry "GER"]
[SourceTitle "Corr 2022"]
[Source "ChessBase"]
[SourceDate "2021.10.24"]
[SourceVersion "1"]
[SourceVersionDate "2021.10.24"]
[SourceQuality "1"]

1. e4 e5 2. Nf3 Nc6 3. Bb5 a6 4. Bxc6 dxc6 5. 0-0 f6 6. d4 exd4 7. Nxd4 c5 8. Ne2 Qxd1 9. Rxd1 Bg4 10. Nbc3 Bd6 11. f3 Bd7 12. Bf4 Bxf4 13. Nxf4 Ne7 14. Ncd5 Nxd5 15. Rxd5 b6 16. Rad1 Bc6 17. R5d2 Ke7 18. g4 g6 19. c4 Kf7 20. Rd7+ Bxd7 21. Rxd7+ Ke8 22. Rxc7 b5 23. cxb5 axb5 24. Rxc5 Kd7 25. Rxb5 Rxa2 26. Kf2 Rc8 27. Kg3 Rc2 28. Nd5 Kc6 29. Rb6+ Kc5 30. Rxf6 Rcxb2 31. h4 Ra7 32. Nf4 Rb1 33. h5 gxh5 34. Rf5+ Kd4 35. Rxh5 Rb3 36. Rh6 Rba3 37. Rf6 Re7 38. Rd6+ Kc5 39. Rd8 Kc6 40. Rc8+ Kd6 1/2-1/2

[Event "SD-2019-0-00303"]
[Site "LSS email"]
[Date "2019.08.18"]
[Round "?"]
[White "Schleef, Harald"]
[Black "Bokros, Janos"]
[Result "1-0"]
[WhiteElo "1200"]
[BlackElo "1490"]
[PlyCount "59"]
[EventDate "2019.02.25"]
[EventType "tourn (corr)"]
[EventRounds "6"]
[EventCountry "GER"]
[SourceTitle "Corr 2022"]
[Source "ChessBase"]
[SourceDate "2021.10.24"]
[SourceVersion "1"]
[SourceVersionDate "2021.10.24"]
[SourceQuality "1"]

1. d4 Nf6 2. c4 c5 3. d5 e6 4. Nc3 exd5 5. cxd5 d6 6. Nf3 a6 7. a4 Be7 8. h3 Bf5 9. Nd2 Nbd7 10. e4 Bg6 11. Bd3 0-0 12. 0-0 Nh5 13. Nc4 Ne5 14. Nxe5 dxe5 15. Re1 Rc8 16. Qb3 Qc7 17. Bc4 h6 18. a5 Bd6 19. Bd2 Nf6 20. f3 Bh7 21. Nd1 Ne8 22. Rc1 Be7 23. Ne3 Nd6 24. Bf1 Qd7 25. Nc4 Nxc4 26. Rxc4 Rc7 27. Be3 Rfc8 28. Rec1 Kh8 29. Qb6 Bd8 30. R1c3 1-0

[Event "RD-2019-0-00152"]
[Site "LSS email"]
[Date "2019.04.29"]
[Round "?"]
[White "Schleef, Harald"]
[Black "Bokros, Janos"]
[Result "0-1"]
[WhiteElo "1200"]
[BlackElo "1502"]
[PlyCount "160"]
[EventDate "2018.10.26"]
[EventType "tourn (corr)"]
[EventRounds "6"]
[EventCountry "GER"]
[SourceTitle "Corr 2022"]
[Source "ChessBase"]
[SourceDate "2021.10.24"]
[SourceVersion "1"]
[SourceVersionDate "2021.10.24"]
[SourceQuality "1"]

1. e4 e5 2. Nf3 Nc6 3. Bb5 Nf6 4. Nc3 Bc5 5. d3 Nd4 6. Bc4 d6 7. Nxd4 Bxd4 8. 0-0 0-0 9. Qf3 a5 10. a4 Bxc3 11. bxc3 Be6 12. Bxe6 fxe6 13. Qh3 Qe8 14. Rb1 b6 15. Rb5 Nh5 16. Qg4 Nf4 17. g3 Nh5 18. d4 Nf6 19. Qe2 Qc6 20. f3 Nd7 21. Qd3 Rf7 22. Ba3 Re8 23. Re1 Ref8 24. Re3 Rf6 25. Bc1 Qa8 26. Bd2 h5 27. h4 c5 28. Kg2 Qc8 29. d5 c4 30. Qf1 exd5 31. Rxd5 Qc6 32. Rb5 R6f7 33. Qb1 Rb8 34. Qf1 Nf6 35. Re1 Ne8 36. Reb1 Nc7 37. R5b2 Na8 38. Qe2 Qxa4 39. Rb5 Rbf8 40. f4 Qxc2 41. R1b2 exf4 42. gxf4 Qa4 43. Qxh5 Nc7 44. Rxb6 Qe8 45. Qe2 Nd5 46. Qxc4 Nxb6 47. Rxb6 Qd8 48. Rb5 Qxh4 49. Rg5 Rb8 50. Rf5 Qg4+ 51. Kf2 Rbf8 52. Qd5 a4 53. Be3 Qh4+ 54. Kg2 Qe1 55. Bd4 Qe2+ 56. Kg1 Qd1+ 57. Kf2 Qb3 58. c4 Qb7 59. Qe6 Qd7 60. Qd5 Re8 61. Rg5 Qe6 62. Ke3 Qxd5 63. Rxd5 Rfe7 64. e5 dxe5 65. Bxe5 g5 66. Kf3 gxf4 67. Bd6 Re4 68. Rc5 Rd4 69. Be5 Rd1 70. Bc7 Rc8 71. Rg5+ Kf7 72. Ke2 Rd4 73. Bb6 Re8+ 74. Kf1 Rxc4 75. Rb5 a3 76. Ra5 Rb8 77. Rxa3 Rxb6 78. Kf2 Rc1 79. Kf3 Rf1+ 80. Kg2 Rbb1 0-1

[Event "ZI-2018-0-02465"]
[Site "LSS email"]
[Date "2018.07.25"]
[Round "?"]
[White "Bokros, Janos"]
[Black "Stancl, Vladimir"]
[Result "0-1"]
[WhiteElo "1508"]
[BlackElo "2072"]
[PlyCount "30"]
[EventDate "2018.07.05"]
[EventType "match (corr)"]
[EventRounds "2"]
[EventCountry "GER"]
[SourceTitle "Corr 2022"]
[Source "ChessBase"]
[SourceDate "2021.10.24"]
[SourceVersion "1"]
[SourceVersionDate "2021.10.24"]
[SourceQuality "1"]

1. c4 e5 2. Nc3 Nc6 3. e3 Bb4 4. Qc2 Nf6 5. a3 Bxc3 6. bxc3 0-0 7. Bd3 Na5 8. Bb2 d6 9. Be4 Nxe4 10. Qxe4 Be6 11. c5 Nb3 12. Rb1 Nxc5 13. Qc2 Qg5 14. g3 Bb3 15. Qc1 Nd3+ 0-1

[Event "ZI-2018-0-02465"]
[Site "LSS email"]
[Date "2018.07.25"]
[Round "?"]
[White "Stancl, Vladimir"]
[Black "Bokros, Janos"]
[Result "1-0"]
[WhiteElo "2072"]
[BlackElo "1508"]
[PlyCount "29"]
[EventDate "2018.07.05"]
[EventType "match (corr)"]
[EventRounds "2"]
[EventCountry "GER"]
[SourceTitle "Corr 2022"]
[Source "ChessBase"]
[SourceDate "2021.10.24"]
[SourceVersion "1"]
[SourceVersionDate "2021.10.24"]
[SourceQuality "1"]

1. d4 d5 2. c4 dxc4 3. Nf3 Nf6 4. e3 b5 5. a4 Bd7 6. axb5 Bxb5 7. Nc3 c6 8. b3 cxb3 9. Nxb5 cxb5 10. Qxb3 a6 11. Bxb5+ Nfd7 12. Ba4 e6 13. Qb7 Nc6 14. Bxc6 Rb8 15. Bxd7+ 1-0

[Event "ZI-2018-0-02407"]
[Site "LSS email"]
[Date "2018.02.03"]
[Round "?"]
[White "Milde, Lars"]
[Black "Bokros, Janos"]
[Result "1-0"]
[WhiteElo "1940"]
[BlackElo "1504"]
[PlyCount "69"]
[EventDate "2018.01.31"]
[EventType "match (corr)"]
[EventRounds "2"]
[EventCountry "GER"]
[SourceTitle "Corr 2022"]
[Source "ChessBase"]
[SourceDate "2021.10.24"]
[SourceVersion "1"]
[SourceVersionDate "2021.10.24"]
[SourceQuality "1"]

1. e4 e6 2. d4 d5 3. Nc3 Nf6 4. e5 Nfd7 5. f4 c5 6. Nf3 Nc6 7. Be3 Qb6 8. Na4 Qa5+ 9. c3 cxd4 10. b4 Nxb4 11. cxb4 Bxb4+ 12. Bd2 Bxd2+ 13. Nxd2 0-0 14. Bd3 b5 15. Nb2 Nb6 16. 0-0 Nc4 17. Nbxc4 bxc4 18. Bxh7+ Kxh7 19. Qh5+ Kg8 20. Nf3 g6 21. Qh6 Qc7 22. f5 exf5 23. Rae1 f6 24. exf6 Qh7 25. Qf4 Qf7 26. Re7 Qxf6 27. Rfe1 Bd7 28. Rxd7 Rfe8 29. Rb1 d3 30. Qh6 Rab8 31. Qh7+ Kf8 32. Rf1 Rbd8 33. Rxa7 Re7 34. Rxe7 Qxe7 35. Qxg6 1-0

[Event "ZI-2017-0-02363"]
[Site "LSS email"]
[Date "2017.11.29"]
[Round "?"]
[White "Bokros, Janos"]
[Black "Sandocal, Uzmir"]
[Result "0-1"]
[WhiteElo "1516"]
[BlackElo "1734"]
[PlyCount "31"]
[EventDate "2017.11.14"]
[EventType "match (corr)"]
[EventRounds "2"]
[EventCountry "GER"]
[SourceTitle "Corr 2022"]
[Source "ChessBase"]
[SourceDate "2021.10.24"]
[SourceVersion "1"]
[SourceVersionDate "2021.10.24"]
[SourceQuality "1"]

1. d4 d5 2. c4 e6 3. Nf3 Be7 4. e3 Nf6 5. Be2 dxc4 6. Nc3 a6 7. Bxc4 b5 8. Bd3 Nbd7 9. e4 Bb7 10. e5 Nd5 11. a4 Nxc3 12. bxc3 b4 13. Bb2 c5 14. 0-0 cxd4 15. cxb4 Bxf3 16. gxf3 0-1

[Event "ZI-2017-0-02363"]
[Site "LSS email"]
[Date "2017.11.29"]
[Round "?"]
[White "Sandocal, Uzmir"]
[Black "Bokros, Janos"]
[Result "1-0"]
[WhiteElo "1734"]
[BlackElo "1516"]
[PlyCount "27"]
[EventDate "2017.11.14"]
[EventType "match (corr)"]
[EventRounds "2"]
[EventCountry "GER"]
[SourceTitle "Corr 2022"]
[Source "ChessBase"]
[SourceDate "2021.10.24"]
[SourceVersion "1"]
[SourceVersionDate "2021.10.24"]
[SourceQuality "1"]

1. b3 e5 2. e3 Nc6 3. Bb2 Nf6 4. Nf3 e4 5. Nd4 Nxd4 6. Bxd4 Be7 7. c4 0-0 8. Nc3 c5 9. Bxf6 Bxf6 10. Qc2 Re8 11. Rd1 Bxc3 12. dxc3 d6 13. Be2 Qg5 14. g3 1-0

[Event "ZI-2016-0-02232"]
[Site "LSS email"]
[Date "2016.11.15"]
[Round "?"]
[White "Bokros, Janos"]
[Black "Sandocal, Uzmir"]
[Result "1-0"]
[WhiteElo "1525"]
[BlackElo "1763"]
[PlyCount "63"]
[EventDate "2016.11.04"]
[EventType "match (corr)"]
[EventRounds "2"]
[EventCountry "GER"]
[SourceTitle "Corr 2022"]
[Source "ChessBase"]
[SourceDate "2021.10.24"]
[SourceVersion "1"]
[SourceVersionDate "2021.10.24"]
[SourceQuality "1"]

1. e4 c6 2. Nf3 d5 3. e5 c5 4. d4 cxd4 5. Nbd2 e6 6. Nxd4 Ne7 7. N2f3 Nbc6 8. Bd3 Nxd4 9. Nxd4 Ng6 10. Qe2 Bc5 11. c3 0-0 12. h4 Qc7 13. Nf3 f5 14. h5 Ne7 15. h6 g6 16. Bf4 a5 17. 0-0 Nc6 18. Rac1 Bd7 19. a4 Qb6 20. Bb5 Rac8 21. b3 Nb8 22. Rfd1 Bc6 23. Rb1 Rfe8 24. Bd3 Na6 25. Bd2 Ra8 26. b4 axb4 27. cxb4 Nxb4 28. Bxb4 Bxb4 29. Qb2 Rxa4 30. Bc2 Rea8 31. Bxa4 Bxa4 32. Rdc1 1-0

[Event "ZI-2016-0-02232"]
[Site "LSS email"]
[Date "2016.11.15"]
[Round "?"]
[White "Sandocal, Uzmir"]
[Black "Bokros, Janos"]
[Result "1/2-1/2"]
[WhiteElo "1763"]
[BlackElo "1525"]
[PlyCount "127"]
[EventDate "2016.11.04"]
[EventType "match (corr)"]
[EventRounds "2"]
[EventCountry "GER"]
[SourceTitle "Corr 2022"]
[Source "ChessBase"]
[SourceDate "2021.10.24"]
[SourceVersion "1"]
[SourceVersionDate "2021.10.24"]
[SourceQuality "1"]

1. b3 e5 2. Bb2 Nc6 3. e3 Nf6 4. Nf3 e4 5. Nd4 Nxd4 6. Bxd4 Be7 7. c4 0-0 8. Qc2 c5 9. Bb2 d5 10. Nc3 Bf5 11. cxd5 Nxd5 12. Nxe4 Qb6 13. g4 Bg6 14. h4 Rad8 15. h5 Bxe4 16. Qxe4 Bf6 17. Bxf6 Qxf6 18. Rb1 Rfe8 19. Qf5 Qd6 20. Be2 Re5 21. Qf3 h6 22. Rd1 Re6 23. Bc4 Qc6 24. Rc1 Re5 25. 0-0 Rg5 26. Qg2 f5 27. f3 Kh7 28. Be2 fxg4 29. f4 Rxh5 30. Bxg4 Rh4 31. Rf2 Rd6 32. Bf3 Qc8 33. Kf1 Qd7 34. Ke1 b6 35. Rf1 g6 36. a3 Kg7 37. Rg1 Qe6 38. Bg4 Qf6 39. Qg3 h5 40. Be2 Ne7 41. Rc3 a5 42. Qg2 Kh7 43. Qf2 Kg7 44. a4 Rd8 45. Bb5 Nf5 46. Rd3 Kh6 47. Rxd8 Qxd8 48. Bc4 Qd7 49. Qg2 Rg4 50. Qh2 Nh4 51. Rg3 Qe7 52. Kf2 Rxg3 53. Qxg3 Nf5 54. Qg2 Qd8 55. Ke2 h4 56. Kf3 Ng3 57. Qh3 Nh5 58. Qg4 Ng7 59. e4 Nh5 60. d3 Qe7 61. Bb5 g5 62. fxg5+ Qxg5 63. Qe6+ Nf6 64. e5 1/2-1/2

[Event "RD-2016-0-00131"]
[Site "LSS email"]
[Date "2016.09.16"]
[Round "?"]
[White "Bokros, Janos"]
[Black "Cole, Steve"]
[Result "0-1"]
[WhiteElo "1614"]
[BlackElo "1470"]
[PlyCount "44"]
[EventDate "2016.03.20"]
[EventType "tourn (corr)"]
[EventRounds "6"]
[EventCountry "GER"]
[SourceTitle "Corr 2022"]
[Source "ChessBase"]
[SourceDate "2021.10.24"]
[SourceVersion "1"]
[SourceVersionDate "2021.10.24"]
[SourceQuality "1"]

1. d4 Nf6 2. Nf3 g6 3. c4 Bg7 4. e3 0-0 5. Nc3 d6 6. Be2 Nbd7 7. 0-0 e5 8. Qc2 Re8 9. dxe5 Nxe5 10. a4 Nc6 11. Na2 Bf5 12. Qb3 Ne4 13. Rb1 Nc5 14. Qd1 Bxb1 15. Nc3 Bf5 16. h3 Bxc3 17. bxc3 Qf6 18. Nd4 Bd7 19. Nxc6 Bxc6 20. Bf3 Bxf3 21. Qxf3 Qxf3 22. gxf3 Nxa4 0-1

[Event "RD-2016-0-00131"]
[Site "LSS email"]
[Date "2016.09.16"]
[Round "?"]
[White "Vogel, Helmut"]
[Black "Bokros, Janos"]
[Result "1-0"]
[WhiteElo "1437"]
[BlackElo "1614"]
[PlyCount "25"]
[EventDate "2016.03.20"]
[EventType "tourn (corr)"]
[EventRounds "6"]
[EventCountry "GER"]
[SourceTitle "Corr 2022"]
[Source "ChessBase"]
[SourceDate "2021.10.24"]
[SourceVersion "1"]
[SourceVersionDate "2021.10.24"]
[SourceQuality "1"]

1. e4 e6 2. d4 d5 3. Nd2 Nf6 4. e5 Nfd7 5. f4 Nc6 6. c3 Be7 7. Bb5 Na5 8. Ngf3 c6 9. Bd3 0-0 10. Qc2 b5 11. Bxh7+ Kh8 12. h4 g6 13. h5 1-0

[Event "ZI-2016-0-02205"]
[Site "LSS email"]
[Date "2016.08.24"]
[Round "?"]
[White "Correa de Almeida, Claudio"]
[Black "Bokros, Janos"]
[Result "1-0"]
[WhiteElo "1562"]
[BlackElo "1614"]
[PlyCount "65"]
[EventDate "2016.08.08"]
[EventType "match (corr)"]
[EventRounds "2"]
[EventCountry "GER"]
[SourceTitle "Corr 2022"]
[Source "ChessBase"]
[SourceDate "2021.10.24"]
[SourceVersion "1"]
[SourceVersionDate "2021.10.24"]
[SourceQuality "1"]

1. e4 e5 2. Nf3 Nf6 3. Nxe5 d6 4. Nf3 Nxe4 5. d4 d5 6. Bd3 Be7 7. 0-0 Nc6 8. Nbd2 Nd6 9. c3 Bf5 10. Bxf5 Nxf5 11. Re1 Qd7 12. a4 0-0 13. b4 Rae8 14. b5 Nb8 15. Ne5 Qd8 16. Qf3 Nh4 17. Qg4 Ng6 18. Ndf3 Bd6 19. Bg5 Qc8 20. Qxc8 Rxc8 21. g3 f6 22. Nxg6 hxg6 23. Bd2 Kf7 24. Kg2 Nd7 25. a5 g5 26. h4 gxh4 27. Nxh4 g6 28. Bf4 g5 29. Bxd6 cxd6 30. Nf5 Kg6 31. Ne7+ Kf7 32. Nxc8 Rxc8 33. Re3 1-0

[Event "ZI-2016-0-02105"]
[Site "LSS email"]
[Date "2016.01.02"]
[Round "?"]
[White "Korinek, Jaroslav"]
[Black "Bokros, Janos"]
[Result "1-0"]
[WhiteElo "2048"]
[BlackElo "1610"]
[PlyCount "67"]
[EventDate "2015.12.28"]
[EventType "match (corr)"]
[EventRounds "2"]
[EventCountry "GER"]
[SourceTitle "Corr 2022"]
[Source "ChessBase"]
[SourceDate "2021.10.24"]
[SourceVersion "1"]
[SourceVersionDate "2021.10.24"]
[SourceQuality "1"]

1. d4 d5 2. c4 dxc4 3. e3 Be6 4. Nc3 c6 5. Nf3 b5 6. Be2 Nf6 7. 0-0 Qc7 8. h3 a5 9. e4 b4 10. d5 Bc8 11. Na4 cxd5 12. e5 Nfd7 13. Qxd5 Bb7 14. Qxc4 Qxc4 15. Bxc4 e6 16. Rd1 Be7 17. Be3 Bc6 18. b3 0-0 19. Rac1 h6 20. Be2 Rd8 21. Rd2 g5 22. Kf1 Kg7 23. Rdd1 Kg6 24. Nb2 Bd5 25. Bb5 a4 26. Rxd5 a3 27. Nd3 exd5 28. Rc7 Bf8 29. Nd4 Kh7 30. Rb7 Re8 31. Bxd7 Nxd7 32. Rxd7 Re7 33. Rxd5 Ree8 34. Ke2 1-0

[Event "RD-2015-0-00120"]
[Site "LSS email"]
[Date "2015.09.20"]
[Round "?"]
[White "Bokros, Janos"]
[Black "Almeraya, Eduardo"]
[Result "1/2-1/2"]
[WhiteElo "1602"]
[BlackElo "1999"]
[PlyCount "188"]
[EventDate "2015.07.20"]
[EventType "tourn (corr)"]
[EventRounds "6"]
[EventCountry "GER"]
[SourceTitle "Corr 2022"]
[Source "ChessBase"]
[SourceDate "2021.10.24"]
[SourceVersion "1"]
[SourceVersionDate "2021.10.24"]
[SourceQuality "1"]

1. e4 c5 2. Nf3 d6 3. d4 cxd4 4. Nxd4 Nc6 5. Nxc6 bxc6 6. Nc3 Nf6 7. Bc4 e6 8. h3 Be7 9. 0-0 0-0 10. Bf4 d5 11. Bd3 Bb7 12. e5 Nd7 13. Qg4 Re8 14. Rfe1 Rb8 15. Rad1 Nf8 16. b3 Qa5 17. Bd2 Bb4 18. Qg3 Ng6 19. Bf1 Qd8 20. Ne4 Bxd2 21. Rxd2 Qa5 22. Qc3 Qxc3 23. Nxc3 Rec8 24. g3 a6 25. f4 Ne7 26. Kf2 c5 27. Na4 a5 28. c4 d4 29. g4 Ng6 30. Kg3 Nf8 31. Bg2 Bxg2 32. Rxg2 Nd7 33. Nb2 Nb6 34. Nd3 a4 35. Kf3 Ra8 36. Ke4 axb3 37. axb3 Ra3 38. Rb1 f6 39. f5 exf5+ 40. gxf5 fxe5 41. h4 Nd7 42. Rbg1 Nf6+ 43. Kxe5 Rc7 44. Rb2 Ra8 45. Nf4 Rf7 46. Ne6 Nd7+ 47. Ke4 Re8 48. h5 h6 49. Rh2 Kh8 50. Rh3 Nf8 51. Ra1 Nh7 52. Ke5 Ng5 53. Rhh1 d3 54. Ra6 d2 55. Rd1 Rd7 56. Kf4 Kh7 57. Nxg5+ hxg5+ 58. Kxg5 Re1 59. Raa1 Re3 60. f6 gxf6+ 61. Kxf6 Rxb3 62. Ra2 Rbd3 63. Kg5 R3d4 64. h6 R4d6 65. Rc2 Rd8 66. Rb2 R6d7 67. Ra2 Rd3 68. Ra7+ R8d7 69. Ra2 R3d4 70. Rc2 R4d6 71. Rb2 Rf7 72. Rbxd2 Rg6+ 73. Kh4 Rxh6+ 74. Kg3 Rg6+ 75. Kh2 Rf4 76. Rd7+ Kh6 77. R7d3 Rxc4 78. Rh3+ Kg5 79. Rg3+ Kh5 80. Rd5+ Kh6 81. Rh3+ Kg7 82. Rd7+ Kf6 83. Rd6+ Kf7 84. Rh7+ Kg8 85. Rxg6+ Kxh7 86. Rg5 Kh6 87. Rg8 Rd4 88. Kg3 c4 89. Kf3 Kh7 90. Rg2 c3 91. Ke3 c2 92. Rxc2 Rb4 93. Rg2 Ra4 94. Kf3 Rb4 1/2-1/2

[Event "ZI-2015-0-02027"]
[Site "LSS email"]
[Date "2015.08.22"]
[Round "?"]
[White "Bokros, Janos"]
[Black "Barkhatov, Igorj"]
[Result "1-0"]
[WhiteElo "1602"]
[BlackElo "1376"]
[PlyCount "39"]
[EventDate "2015.08.16"]
[EventType "match (corr)"]
[EventRounds "2"]
[EventCountry "GER"]
[SourceTitle "Corr 2022"]
[Source "ChessBase"]
[SourceDate "2021.10.24"]
[SourceVersion "1"]
[SourceVersionDate "2021.10.24"]
[SourceQuality "1"]

1. c4 e5 2. Nc3 Nf6 3. Nf3 Nc6 4. e4 Bb4 5. d3 Bxc3+ 6. bxc3 d6 7. Be2 0-0 8. 0-0 Be6 9. Ne1 Ne7 10. f4 c5 11. f5 Bd7 12. Bg5 Nc6 13. Nc2 Na5 14. Qc1 b5 15. Ne3 b4 16. Nd5 b3 17. Bxf6 gxf6 18. Qh6 b2 19. Rab1 Kh8 20. Nxf6 1-0